| 000 | 00563nam a22001337a 4500 | ||
|---|---|---|---|
| 040 | _cNUST | ||
| 082 | _a220 PRO | ||
| 100 |
_aFahad Arif Syed Moosa Habib Ihtisham Ahmed Khattak Gulsher Khan Hamza Ahad Ammar Ahmed Muhammad Hamza Ahad _9119854 |
||
| 110 |
_aSupervisor Lt Col Dr. Atif Qayyum _9111779 |
||
| 245 | _aPR-SOF-2241-MRAP- Design and Development of Alternator Performance Analyzer at 12 / 24V, 600A for Alternator Testing in Complete RPM Range | ||
| 260 |
_aISLAMABAD: _bNUST COLLEGE OF EME, _c2023. |
||
| 650 |
_aDE-ELECT-41 _9119586 |
||
| 942 |
_2ddc _cPR |
||
| 999 |
_c607260 _d607260 |
||